|
|
|
|
| LEADER |
00789nta a2200193 i 4500 |
| 001 |
dipl138944 |
| 005 |
20240504151540.0 |
| 008 |
240504s2023 hu om 000 hun d |
| 040 |
|
|
|a SZTE Diploma Repozitórium
|b hun
|
| 041 |
|
|
|a hun
|
| 100 |
1 |
|
|a Pálinkás Réka
|
| 245 |
1 |
3 |
|a Az online munkavégzés hatása a munkahelyi kommunikációra és konfliktuskezelésre
|h [elektronikus dokumentum] /
|c Réka Pálinkás
|
| 246 |
1 |
0 |
|a The impact of online work on workplace communication and conflict management
|h [elektronikus dokumentum]
|
| 260 |
|
|
|c 2023
|
| 650 |
|
4 |
|a Jogi és igazgatási tanulmányok
|
| 650 |
|
4 |
|a Social sciences
|
| 650 |
|
4 |
|a Sociology
|
| 700 |
0 |
2 |
|a Rúzs-Molnár Krisztina
|e ths
|
| 856 |
4 |
0 |
|u https://diploma.bibl.u-szeged.hu/id/eprint/138944/1/2023_palinkas_reka.pdf
|z Dokumentum-elérés
|